=LDR 00000nam 2200000 4500 =001 NUTBA000000000001141 =005 20140522131313.0 =006 =007 =008 =020 ##$$a 978-602-98175-2-2 =035 ##$$a 0010-041400000000411 =040 ##$$a Ind =082 ##$$a 616 =090 ##$$a 616$bMei s =100 ##$$a Meita Shanty =245 ##$$a Silent killer diseases$bPenyakit yang diam-diam mematikan$cMeita shanty =250 ##$$a Cet.1 =260 ##$$a Jokjakarta$bJavalitera$c2011. =300 ##$$a 143 Hlm$bIlus$c21 cm. =850 ##$$a NBPDMAT =990 ##$$a 21304365 =990 ##$$a 93765/BPAP-NTB/2014 =990 ##$$a 21195740/BPAP-NTB/2014